Prozaické debuty v 80. a 90. rokoch

Bibliographic Details
Main Author: Součková, Marta, 1963- (Author)
Format: Book
Language:Slovak
PhysicalDescription:53 s. 28 cm
Published: Prešov Metodické centrum 1994
ISBN:8085410753
Subjects:

MARC

LEADER 00000cam a2200000 a 4500
001 vtls001074839
003 SK-MaSNL
005 20260301111046.0
008 240606s1994 xo f 00000 slo
015 |a SNBA1994/04 
020 |a 8085410753 
035 |a SNK000017671 
035 |a urn:nbn:sk:snk-amlguk 
035 |a urn:nbn:sk:snk-am00bp1c 
035 |a 0856089C-E176-46CA-84F4-2C4202593DFF 
040 |a SNK  |b slo  |c SNK  |e AACR2 
041 0 |a slo 
044 |a xo  |c SK 
072 7 |a 821.162.4.09  |x Slovenská literatúra (o nej)  |2 konspekt 
080 |a 82.09:885.4-3  |2 1981 
080 |a 885.4-3.09  |2 1981 
080 |a 821.162.4-3  |2 2001 
080 |a (048.8)  |2 2011 
100 1 |a Součková, Marta,  |d 1963-  |4 aut  |9 13337 
245 1 0 |a Prozaické debuty v 80. a 90. rokoch  |c Marta Součková 
260 |a Prešov  |b Metodické centrum  |c 1994 
300 |a 53 s.  |c 28 cm 
366 |e 330 výt. 
648 7 |a 1980-1990  |2 SNKPH  |9 449958 
650 0 7 |a slovenská próza  |2 SNKPH  |9 1206 
650 0 7 |a literárne debuty  |2 SNKPH  |9 449959 
655 7 |a štúdie  |2 SNKPH  |9 57033 
852 |a Slovenská národná knižnica 
919 |a 80-85410-75-3 
954 |a odborná, vedecká literatúra pôvodná (slovenská)  |2 lita 
999 |c 705296  |d 707226 
952 |t P60, <04>, [BOOK], {604}  |a SNK  |b SNK  |y VYP  |7 0  |p 17A0080455  |o snkSB 52394 D1  |0 0  |1 0  |4 0  |d 1997-07-16  |l 0  |r 2004-12-31 00:00:00  |w 2026-02-23 
952 |a SNK  |b SNK  |y PREZ  |7 0  |p 17A0905110  |o snkSB 52394   |0 0  |1 0  |4 0  |d 2012-08-09  |f 1  |l 0  |r 2025-03-14 00:00:00  |w 2026-02-23